00844nam a2200241Ia 450000500170000000800410001702000150005804100080007308200160008124500680009725000310016526400300019630000180022633600270024433700330027133800280030449000330033250000210036565000600038665000540044665000670050004000350056720220316235303.0121119s2003 mx gr 000 0 spa  a96823051950 aspa04a973.4 bE7704aLos Estados Unidos de Américaccompilado por Willi Paul Adams aVigésima sexta edición 1aMéxicobSiglo XXIc2003 a493 páginas atextobtxt2rdacontent asin mediaciónbn2rdamedia avolumenbnc2rdacarrier0 aHistoria universal siglo XXI aIncluye índice142LEMBaCivilizaciónySiglo XVIII - XIXzEstados Unidos142LEMBaHistoriaySiglo XVIII - XIXzEstados Unidos142LEMBaPolítica y gobiernoySiglo XVIII - XIXzEstados Unidos aCO-BoRNBPbspaerdacCO-BoRNBP